Car manufacturer by race car - Statistics

General Stats
  • This quiz has been taken 147 times
  • The average score is 9 of 15
Answer Stats
Chassis Manufacturer % Correct
R18 e-Tron Quattro Audi
96%
Impreza Subaru
84%
MP4-12C GT3 McLaren
77%
250 Testa Rossa Ferrari
74%
320si BMW
68%
DS3 WRC Citroen
68%
F138 Ferrari
66%
Delta S4 Lancia
63%
Cruze 1.6 LT Chevrolet
60%
TS030 Hybrid Toyota
57%
RB9 Red Bull
51%
GranTurismo GT4 Maserati
47%
W125 Mercedes-Benz
41%
250F Maserati
28%
XJR-9 Jaugar
8%
No matching quizzes found
Score Distribution
Percent of People with Each Score
Percentile by Number Answered
Your Score History
You have not taken this quiz